Normal view
MARC view
- Hidalgo
Entry Nombre Geográfico
001 - NÚMERO DE CONTROL
- campo de control: 23783
003 - IDENTIFICADOR DE NUMERO DE CONTROL
- campo de control: MX-MxUPN
005 - FECHA Y HORA DE LA ÜLTIMA TRANSACCIÓN
- campo de control: 20240415164005.0
008 - DATOS DE LONGITUD FIJA
- campo de control de longitud fija: 221025n||acnnnbabn | ana |d
035 ## - NÚMERO DE CONTROL
- Número de control: UPN10000023792
040 ## - FUENTE DE CATALOGACIÓN
- Agencia de catalogación original: UPN
- Lenguaje de catalogación: spa
- Agencia de transcripción: UPN
151 ## - ENCABEZAMIENTO - NOMBRE GEOGRÁFICO
- Nombre geográfico: Hidalgo
- Subdivisión general : Descripción y viajes
670 ## - FUENTE EN LA QUE SE LOCALIZARON DATOS
- Cita de la fuente: E
902 ## - CATALOGADOR
- Catalogador: BDV/280415
